000 00993nas a2200337 4500
001 BR0200827
003 BR-BrBNA
005 20231205102738.0
007 ta
008 230509b bl.|||p| |||| 00| 00por d
040 _aBR-BrBNA
_bpor
_cBiblioteca Nacional de Agricultura
041 _a(Pt)
072 _aL01
100 1 _aNardon, R.F.
100 1 _aRazook, A.G.
100 1 _aSampaio, A.A.M.
100 1 _aTedeschi, L.O.
100 1 _aFigueiredo, L.A. de
100 1 _aBoin, C.
100 1 _aLima, M.L.P.
245 1 _aEfeitos da raça do bovino e da seleção para peso pós-desmama na quantidade da porção comestível da carcaça e na qualidade da carne
650 _aBovino
650 _aCarcaça
650 _aDesmama
650 _aCarne
650 _aRaça
650 _aQualidade
773 0 _tBoletim de Indústria Animal (Brazil)
_xISSN 0067-9615
_g(2001), v. 58(1) p. 21-34
_wBR0200827
909 _a202311
_bLúcia
_c55
_dLúcia Elande
942 _2AGRIS
_n0
_cANA
999 _c169117
_d169117